Thamasi (Record no. 30401)

MARC details
000 -LEADER
fixed length control field 00417nam a2200145Ia 4500
008 - FIXED-LENGTH DATA ELEMENTS--GENERAL INFORMATION
fixed length control field 211109s9999||||xx |||||||||||||| ||und||
082 ## - DEWEY DECIMAL CLASSIFICATION NUMBER
Classification number 894.8123
Item number JER-T
100 ## - MAIN ENTRY--PERSONAL NAME
Personal name Jerasanthan,
245 #0 - TITLE STATEMENT
Title Thamasi
260 ## - PUBLICATION, DISTRIBUTION, ETC.
Name of publisher, distributor, etc. C I Cc Book
Place of publication, distribution, etc. Eranakulam
Date of publication, distribution, etc. 2003
300 ## - PHYSICAL DESCRIPTION
Extent 330p.
630 ## - SUBJECT ADDED ENTRY--UNIFORM TITLE
General subdivision General Stack
650 ## - SUBJECT ADDED ENTRY--TOPICAL TERM
Topical term or geographic name entry element Malayalam Literature
942 ## - ADDED ENTRY ELEMENTS (KOHA)
Koha item type BOOK
650 ## - SUBJECT ADDED ENTRY--TOPICAL TERM
Form subdivision Malayalam FictionMalayalam NovelMalayalam Shot Stories
General subdivision Generalia
Holdings
Withdrawn status Lost status Damaged status Not for loan Home library Current library Date acquired Cost, normal purchase price Total Checkouts Full call number Barcode Shelving location Date last seen Price effective from Koha item type
        SB LIBRARY SB LIBRARY 09/11/2021 100.00   894.8123 JER-T 00031321 GENERAL STACK 09/11/2021 09/11/2021 BOOK

Powered by Koha